<?xml version="1.0" encoding="UTF-8"?>
<marc:record xmlns:marc="http://www.loc.gov/MARC21/slim">
   <marc:leader>00000nam a2200000 a 4500</marc:leader>
   <marc:datafield ind1=" " ind2=" " tag="653">
      <marc:subfield code="a">Studie</marc:subfield>
   </marc:datafield>
   <marc:datafield ind1=" " ind2=" " tag="653">
      <marc:subfield code="a">Migrantinnen</marc:subfield>
   </marc:datafield>
   <marc:datafield ind1=" " ind2=" " tag="653">
      <marc:subfield code="a">Migranten</marc:subfield>
   </marc:datafield>
   <marc:datafield ind1=" " ind2=" " tag="653">
      <marc:subfield code="a">Südtirol</marc:subfield>
   </marc:datafield>
   <marc:datafield ind1=" " ind2=" " tag="653">
      <marc:subfield code="a">Alphabetisierung</marc:subfield>
   </marc:datafield>
   <marc:datafield ind1=" " ind2=" " tag="653">
      <marc:subfield code="a">Sprachkurse</marc:subfield>
   </marc:datafield>
   <marc:datafield ind1=" " ind2=" " tag="653">
      <marc:subfield code="a">Deutschkurse</marc:subfield>
   </marc:datafield>
   <marc:datafield ind1=" " ind2=" " tag="653">
      <marc:subfield code="a">Kulturvermittlung</marc:subfield>
   </marc:datafield>
   <marc:datafield ind1="0" ind2="0" tag="245">
      <marc:subfield code="a">Beiträge zur organisatorischen und didaktischen Umsetzung von ausländerInnengerechten Kursmodellen. Anregungen im Rahmen des Projekts "Sprach- und Kulturvermittlung an ImmigrantInnen"</marc:subfield>
   </marc:datafield>
   <marc:datafield ind1="1" ind2=" " tag="520">
      <marc:subfield code="a">Projektleitung: Elisabeth Ramoser.&lt;br/&gt;Sommer 2002.&lt;br/&gt;Auftraggeber: Amt für Weiterbildung, Abteilung Deutsche Kultur, Autonome Provinz Bozen-Südtirol.&lt;br/&gt;Durchgeführt von: Ana Agolli Cela, Irene Cennamo, Mamadou Gaye, Roberta Nicolodi, Elisabeth Ramoser, Ljubica Rapo, Nadja Schuster, Erion Zeqo.</marc:subfield>
   </marc:datafield>
</marc:record>
